[Event "Inline Czechia Cup"]
[Site "Olomouc CZE"]
[Date "2006.08.05"]
[Round "5"]
[White "Kotan,L"]
[Black "Ptacnikova,L"]
[Result "1/2-1/2"]
[WhiteElo "2289"]
[BlackElo "2193"]

1.e4 d5 2.exd5 Qxd5 3.Nc3 Qd6 4.d4 Nf6 5.Nf3 a6 6.g3 Bg4 7.Bg2 Nc6 8.Bf4 Qb4
9.h3 Bxf3 10.Qxf3 O-O-O 11.O-O-O Nxd4 12.a3 Qb6 13.Rxd4 Rxd4 14.Be3 e5 15.Bxd4 exd4
16.Nd5 Nxd5 17.Qxd5 Be7 18.Rd1 Rd8 19.Qxf7 Qf6 20.Qb3 c6 21.Be4 Bc5 22.f4 g6
23.Re1 Kc7 24.Bd3 Rd7 25.Re6 Qf7 26.Bc4 Qf8 27.Re2 Re7 28.Be6 Qf6 29.a4 Kd6
30.Bg4 Rxe2 31.Bxe2 b5 32.axb5 axb5 33.Qg8 Qe7 34.Kd1 Bb4 35.Qb8+ Qc7 36.Qh8 Kc5
37.Qf8+ Qd6 38.Qg7 Kb6 39.Bf3 Qe7 40.Qxd4+ c5 41.Qf2 Qd7+ 42.Kc1 Qa7 43.Kb1 Ba5
44.c3 b4 45.c4 Qe7 46.b3 Ka6 47.Qd2 Bc7 48.Kc2 Qd6 49.Qxd6+ Bxd6 50.Kd3 Kb6
51.Bd5 Kc7 52.Ke4 Kd7 53.g4 Ke8 54.Bg8 h6 55.Bh7 g5 56.fxg5 hxg5 57.Kf5 Be7
58.Ke6 Kf8 59.Be4 Bd8 60.Bd5 Be7 61.Kd7 Bf6 62.Be6 Be7 63.Bd5 Bf6 64.Ke6 Kg7
65.Kf5 Bd8 66.Bg2 Be7 67.h4 gxh4 68.g5 Bd6 69.Kg4 Bg3 70.Be4  1/2-1/2

[Event "15th Open A"]
[Site "Vienna AUT"]
[Date "2006.08.05"]
[Round "8"]
[White "Fusi,C"]
[Black "Kreindl,H"]
[Result "0-1"]
[WhiteElo "2317"]
[BlackElo "2200"]

1.e4 d5 2.exd5 Qxd5 3.Nc3 Qd6 4.d4 Nf6 5.Nf3 Bg4 6.Bc4 c6 7.Be3 e6 8.h3 Bh5
9.g4 Bg6 10.Ne5 Nbd7 11.f4 Qb4 12.Nxd7 Qxc4 13.Nxf6+ gxf6 14.a3 h5 15.Kd2 O-O-O
16.Qe2 Qxe2+ 17.Nxe2 Be4 18.Rhg1 hxg4 19.hxg4 Rh2 20.c3 c5 21.Rg3 Bd6 22.Rf1 c4
23.Bg1 Rh1 24.Re3 Bd3 25.Re1 Rg8 26.Ng3 Rh4 27.Ne4 Bxf4 28.Nxf6 Rg6 29.Nh5 Bh6
30.Kd1 Rhxg4  0-1

[Event "15th Open A"]
[Site "Vienna AUT"]
[Date "2006.08.05"]
[Round "8"]
[White "Brod,M"]
[Black "Bachofner,A"]
[Result "1/2-1/2"]
[WhiteElo "2279"]
[BlackElo "2185"]

1.e4 d5 2.exd5 Qxd5 3.Nc3 Qd8 4.d4 Nf6 5.Bc4 a6 6.a4 Nc6 7.Nge2 Bf5 8.O-O e6
9.Be3 Nb4 10.Rc1 Bd6 11.Ng3 Bg6 12.Bg5 c6 13.Nce4 Be7 14.Nxf6+ Bxf6 15.Bxf6 Qxf6
16.Nh5 Bxh5 17.Qxh5 Nd5 18.c3 O-O 19.Rfe1 g6 20.Qh6 Qf4 21.Qxf4 Nxf4 22.a5 Rfd8
23.Re5 Nd5 24.g3 Rac8 25.b4 h5 26.Kf1  1/2-1/2

[Event "Inline Czechia Cup"]
[Site "Olomouc CZE"]
[Date "2006.08.06"]
[Round "6"]
[White "Gavrilov,Al1"]
[Black "Ptacnikova,L"]
[Result "1-0"]
[WhiteElo "2451"]
[BlackElo "2193"]

1.e4 d5 2.exd5 Qxd5 3.Nc3 Qd6 4.d4 Nf6 5.Nf3 a6 6.Be3 b5 7.Bd3 Bb7 8.O-O e6
9.Nd2 Be7 10.a4 b4 11.Nce4 Nxe4 12.Nxe4 Qd5 13.Qg4 g6 14.Nc5 h5 15.Qh3 Bxc5
16.dxc5 Nd7 17.Rfd1 Qc6 18.Be2 Nxc5 19.Bf3 Ne4 20.Rd4 f5 21.Bxe4 fxe4 22.Qg3 Rg8
23.Rad1 Qxc2 24.Qe5  1-0

[Event "Inline Czechia Cup"]
[Site "Olomouc CZE"]
[Date "2006.08.07"]
[Round "8"]
[White "Kanovsky,D"]
[Black "Ptacnikova,L"]
[Result "1/2-1/2"]
[WhiteElo "2368"]
[BlackElo "2193"]

1.e4 d5 2.exd5 Qxd5 3.Nc3 Qd6 4.d4 Nf6 5.Nge2 Bf5 6.Bf4 Qd8 7.Ng3 Bg6 8.h4 h6
9.h5 Bh7 10.Bd3 Bxd3 11.Qxd3 c6 12.O-O-O e6 13.Rhe1 Bb4 14.a3 Bxc3 15.Qxc3 Nd5
16.Qf3 Nxf4 17.Qxf4 O-O 18.Kb1 Nd7 19.Ne4 Nf6 20.g4 Nd5 21.Qg3 Qc7 22.Qxc7 Nxc7
23.c4 Rad8 24.Kc2 b6 25.Ng3 Rd7 26.Rd3 Rfd8 27.Red1 Ne8 28.Kc3 Nf6 29.f3 Kf8
30.a4 Ke7 31.b4 a6 32.Ne4 Rc8 33.Rb1 Nxe4+ 34.fxe4 Kf6 35.e5+ Kg5 36.Rf1  1/2-1/2

[Event "San Agustin Open"]
[Site "Aviles ESP"]
[Date "2006.08.11"]
[Round "7"]
[White "Veltan,M"]
[Black "Martinez Perez,J"]
[Result "1-0"]
[WhiteElo "1879"]
[BlackElo "2034"]

1.e4 d5 2.exd5 Qxd5 3.Nc3 Qd6 4.d4 Nf6 5.Nf3 a6 6.h3 e6 7.Be3 Be7 8.Bd3 b5
9.a4 b4 10.Ne4 Nxe4 11.Bxe4 c6 12.c4 Nd7 13.O-O Nf6 14.Bd3 a5 15.Nd2 c5 16.Ne4 Qc6
17.Nxc5 Bxc5 18.dxc5 Bb7 19.f3 O-O 20.Qc2 h6 21.b3 Nd7 22.Be4 Qc7 23.Bxb7 Qxb7
24.Rad1 Rac8 25.Qf2 Qc7 26.Rd6 Nxc5 27.Bxc5 Qxc5 28.Qxc5 Rxc5 29.Kf2 g6 30.Rfd1 Rfc8
31.Rb6 R8c7 32.Rd8+ Kg7 33.Ra6 Rb7 34.Rda8 Rxc4 35.bxc4 b3 36.Rd8 b2 37.Rd1 b1=Q
38.Rxb1 Rxb1 39.Rxa5 Rb2+ 40.Kg3 Rb4 41.c5 Rc4 42.Kf2 Kf6 43.Ke3 Rc2 44.Kd3 Rxg2
45.Ra7 Rg3 46.Ke3 Ke5 47.Rd7 Rg1 48.c6 Rc1 49.c7 Kf6 50.a5 e5 51.a6 Ke6 52.a7 Kxd7
53.a8=Q Rxc7 54.Qd5+ Ke8 55.Qd6 Re7 56.Qb8+ Kd7 57.Ke4 Re6 58.Kd5 Ke7 59.Qh8 h5
60.h4 Kd7 61.Qf8 Re7 62.Qb8 Re6 63.Qb7+ Ke8 64.Qc8+ Ke7 65.Kc5 Kf6 66.Qd8+ Kg7
67.Kd5 Rf6 68.Ke4 Rf4+ 69.Kxe5 Rxf3 70.Qd4 Rf1 71.Kd6+ Kg8 72.Ke7 Re1+ 73.Kf6 Re6+
74.Kg5 Kf8 75.Kh6 Ke7 76.Kg7  1-0

[Event "93rd ch-GBR"]
[Site "Swansea WLS"]
[Date "2006.08.11"]
[Round "5"]
[White "Mason,D"]
[Black "Jones,G"]
[Result "0-1"]
[WhiteElo "2266"]
[BlackElo "2416"]

1.e4 d5 2.exd5 Qxd5 3.Nc3 Qd6 4.d4 Nf6 5.Nf3 a6 6.g3 Bg4 7.Bg2 c6 8.O-O e6
9.Re1 Be7 10.Bf4 Qd8 11.h3 Bxf3 12.Bxf3 O-O 13.Qd2 Nbd7 14.Rad1 Rc8 15.a3 Nd5
16.Ne2 Nxf4 17.Nxf4 Bg5 18.Qe3 Qc7 19.h4 Bxf4 20.Qxf4 Qxf4 21.gxf4 g6 22.c4 Nb6
23.d5 Rcd8 24.dxc6 bxc6 25.c5 Rxd1 26.Rxd1 Nd5 27.Rd4 Rb8 28.Ra4 Rxb2 29.Rxa6 Nxf4
30.Rxc6 Rb3 31.Rc8+ Kg7 32.Ba8 Rxa3 33.c6 Nd5 34.Bb7 Rc3 35.Rd8 h5 36.Rd7 Kf6
37.Kf1 Nb6 38.Rd2 Nd5 39.Rd4 Ke5 40.Ra4 Ne7 41.f4+ Kf6  0-1

[Event "Epetium Open"]
[Site "Stobrec CRO"]
[Date "2006.08.12"]
[Round "2"]
[White "Sunara,T"]
[Black "Bratosevic,M"]
[Result "1/2-1/2"]
[WhiteElo "2035"]
[BlackElo "2190"]

1.e4 d5 2.exd5 Qxd5 3.Nc3 Qd6 4.Nf3 Bg4 5.Be2 Nf6 6.d4 a6 7.Bg5 Nc6 8.d5 Bxf3
9.Bxf3 Qe5+ 10.Be3 O-O-O 11.Qe2 Nb4 12.O-O-O e6 13.dxe6 Rxd1+ 14.Rxd1 fxe6
15.a3 Nbd5 16.Nxd5 Nxd5 17.Bxd5 exd5 18.Qg4+ Kb8 19.Bf4 Qe4 20.f3 Qc4 21.Be5 Qe2
22.Qg3 Qc4 23.Re1 d4 24.Bxc7+ Ka7 25.Rd1 Bxa3 26.bxa3 Rc8 27.Qd6 Rxc7 28.Qxd4+ Qxd4
29.Rxd4 Kb6 30.Kb2 Kc5 31.c3 Re7 32.Kb3 b5 33.Rg4 Rd7 34.h4 Re7 35.Rg5+ Kb6
36.h5 Rf7 37.Re5 Kc6 38.Re6+ Kb7 39.h6 g6 40.Re8 Kb6 41.Rg8 Re7 42.Rg7 Re2
43.g4 a5 44.a4 bxa4+ 45.Kxa4 Re3 46.Rxh7 Rxf3 47.Rg7 Rf4+ 48.Kb3 Rxg4 49.h7 Rh4
50.Rxg6+ Kc5 51.Rg7 Kb5 52.c4+ Kc5 53.Rg5+ Kb6 54.Rg7 Kc5 55.Rf7 Rh3+ 56.Ka4 Kxc4
57.Kxa5 Kc5 58.Ka6 Kc6 59.Ka7 Kd6 60.Kb8 Ke6  1/2-1/2

[Event "16th Open"]
[Site "Abu Dhabi UAE"]
[Date "2006.08.13"]
[Round "2"]
[White "Amin,B"]
[Black "Ali,Ab"]
[Result "1-0"]
[WhiteElo "2453"]
[BlackElo "2155"]

1.e4 d5 2.exd5 Qxd5 3.Nc3 Qd6 4.d4 Nf6 5.Bd3 a6 6.Nge2 e6 7.f3 b5 8.Bf4 Qb6
9.Qd2 Nbd7 10.O-O-O c5 11.dxc5 Bxc5 12.Ng3 O-O 13.Nge4 Bb4 14.Be3 Qa5 15.Nxf6+ Nxf6
16.Bd4 Be7 17.Qe1 Bb7 18.Nd5 Qd8 19.Nxf6+ Bxf6 20.Bc5 Bd5 21.Bxf8 Qxf8 22.Be4 Bxa2
23.Bxa8 Bg5+ 24.Rd2 Qxa8 25.b3 Qd5 26.Kd1 Qc5 27.f4 Bf6 28.Qe5 Qc8 29.Qd6 g6
30.Ke2 Qb7 31.Rg1 Qe4+ 32.Kf2 a5 33.Re1 Qf5 34.Qd3 Qxf4+ 35.Kg1 a4 36.Rf1 Qh4
37.g3 Qg5 38.Rdf2 Qc5 39.Kg2 Bd4 40.Rxf7 axb3 41.cxb3 Qd5+ 42.R7f3 e5 43.Qc2  1-0

[Event "Open"]
[Site "Predeal ROM"]
[Date "2006.08.13"]
[Round "2"]
[White "Perciun,D"]
[Black "Manea,A"]
[Result "1/2-1/2"]
[WhiteElo "2202"]
[BlackElo "2321"]

1.e4 d5 2.exd5 Qxd5 3.Nc3 Qd6 4.g3 Nf6 5.Bg2 c6 6.Nf3 Bg4 7.O-O e6 8.d3 Qc7
9.Bf4 Bd6 10.Bxd6 Qxd6 11.Ne4 Qe7 12.h3 Bxf3 13.Nxf6+ Qxf6 14.Qxf3 Nd7 15.b4 O-O
16.Qxf6 Nxf6 17.a4 Nd5 18.b5 Nb4 19.Rfc1 a5 20.d4 Rfc8 21.c3 Nd5 22.Rab1 Kf8
23.bxc6 bxc6 24.Rb7 Rcb8 25.Bxd5 cxd5 26.Rxb8+ Rxb8 27.c4 dxc4 28.Rxc4 Rb4
29.Rc5 Rxa4 30.d5 exd5 31.Rxd5 Ra3 32.Rd8+ Ke7 33.Ra8 Ke6 34.Ra6+ Kf5 35.Ra7 Kg6
36.Kg2 Ra2 37.h4 Ra3 38.Kg1 Ra1+ 39.Kg2 Ra4 40.Kg1 Kf6 41.Ra6+ Ke5 42.Ra7 Ke6
43.Ra6+ Kd5 44.Ra7 Ke6 45.Ra6+ Kf5 46.Ra7 Kg6 47.Kg2 Ra1 48.Kf3 f5 49.Ra6+ Kf7
50.Ra7+ Kf6 51.Ra6+ Kf7 52.Ra7+ Kg6 53.Ra6+ Kh5 54.Ra7 Kh6 55.Ra6+ g6 56.Ra7 Ra3+
57.Kg2 Ra2 58.Kf3 Ra4 59.Kg2 Ra1 60.Kf3 a4 61.Kg2 Ra3 62.Kg1 Ra1+ 63.Kg2 Ra2
64.Kf3 Ra1 65.Kg2 Ra3 66.Kg1 f4 67.gxf4 Ra2 68.Kg2 Ra1 69.Kh2 a3 70.Kg2 Kh5
71.Rxh7+ Kg4 72.Rg7 Kf5 73.Kf3 Rb1 74.Rf7+ Ke6 75.Ra7 Rh1 76.Kg2  1/2-1/2

[Event "Open"]
[Site "Predeal ROM"]
[Date "2006.08.13"]
[Round "2"]
[White "Bonte,An"]
[Black "Suciu,DS"]
[Result "1/2-1/2"]
[WhiteElo "2191"]
[BlackElo "2308"]

1.e4 d5 2.exd5 Qxd5 3.Nc3 Qd6 4.d4 Nf6 5.Nf3 c6 6.Ne5 Bf5 7.Bc4 e6 8.a3 Nbd7
9.Bf4 Nxe5 10.Bxe5 Qd8 11.O-O Be7 12.Bd3 Bg6 13.Re1 O-O 14.Bxg6 hxg6 15.Ne4 Nxe4
16.Rxe4 Qd5 17.Qe2 b5 18.b3 Rfd8 19.a4 a6 20.c4 bxc4 21.bxc4 Qa5 22.c5 Bf6
23.Bd6 Ra7 24.Rb1 Qc3 25.Rd1 Qb3 26.h3 Be7 27.Bxe7 Rxe7 28.Ra1 Ra7 29.Qe3 Rb7
30.Qg5 Rd5 31.Qf4 Qb2 32.Rae1 Rf5 33.Qg3 Rb3 34.R4e2 Qxe2 35.Rxe2 Rxg3 36.fxg3 Rd5
37.Rb2 Rxd4 38.Rb6 Rxa4 39.Rxc6 Kf8 40.Rc7 Rc4 41.c6 a5 42.Ra7 Rxc6 43.Rxa5 Rc2
44.g4 Rd2 45.Ra7 g5 46.Ra5 Rd5 47.Ra7 g6 48.Kf2 Kg7 49.Kf3 Rd3+ 50.Ke2 Rb3
51.Kf2 Kf6 52.Ke2 Rb6 53.Kf3 e5 54.Ra8 Ke6 55.Re8+ Kd5 56.Rd8+ Rd6 57.Rf8 Rd7
58.Ke3 Ke6 59.Re8+ Re7 60.Ra8 f5 61.Ra6+ Kf7 62.gxf5 gxf5 63.g4 Re6 64.Ra7+ Kf6
65.gxf5 Kxf5 66.Rf7+ Rf6 67.Re7 Rh6 68.Rf7+ Rf6 69.Re7 Ra6 70.Rf7+ Ke6 71.Rh7 Ra3+
72.Ke4 Ra4+ 73.Kf3 Rf4+ 74.Kg3 e4 75.Ra7 e3 76.Ra3 Re4 77.Ra1 Kf5 78.Kf3 Rh4
79.Ra5+ Kg6 80.Kxe3 Rxh3+ 81.Kf2 Kh5 82.Ra4 Rb3 83.Kg2 g4 84.Ra8  1/2-1/2

[Event "Open"]
[Site "Stare Mesto CZE"]
[Date "2006.08.13"]
[Round "4"]
[White "Parligras,C"]
[Black "Hasangatin,R"]
[Result "0-1"]
[WhiteElo "2232"]
[BlackElo "2491"]

1.e4 d5 2.exd5 Qxd5 3.Nc3 Qd6 4.d4 Nf6 5.Nf3 a6 6.Bg5 Nbd7 7.Qd2 b5 8.Qf4 e6
9.Be2 Bb7 10.O-O h6 11.Qxd6 Bxd6 12.Be3 Ng4 13.Bd2 Rb8 14.h3 Bxf3 15.hxg4 Bxe2
16.Nxe2 Nf6 17.f3 c5 18.Be3 Nd5 19.Bf2 Rc8 20.dxc5 Bxc5 21.Bxc5 Rxc5 22.c3 Ne3
23.Rfc1 Ke7 24.Kf2 Nc4 25.Rc2 Rd8 26.a4 Ne5 27.axb5 axb5 28.Ra5 Nc6  0-1

[Event "93rd ch-GBR"]
[Site "Swansea WLS"]
[Date "2006.08.13"]
[Round "7"]
[White "Haslinger,S"]
[Black "Parker,J"]
[Result "0-1"]
[WhiteElo "2423"]
[BlackElo "2509"]

1.e4 d5 2.exd5 Qxd5 3.Nc3 Qd6 4.d4 Nf6 5.Nf3 a6 6.g3 Bg4 7.Bg2 c6 8.h3 Bxf3
9.Bxf3 e6 10.Bf4 Qd8 11.Qd3 Bd6 12.O-O-O Qc7 13.Bxd6 Qxd6 14.Ne4 Nxe4 15.Bxe4 Nd7
16.Bxh7 g6 17.Bxg6 fxg6 18.Qxg6+ Kd8 19.Rhe1 Re8 20.c4 Kc7 21.h4 b5 22.c5 Qd5
23.b3 Qf5 24.h5 Qxg6 25.hxg6 Nf6 26.Rd3 Re7 27.Rf3 Nd5 28.Rh1 Rg8 29.Rh6 Kd7
30.g4 Ke8 31.g5 Reg7 32.Rh7 Ne7 33.Rf7 Rxh7 34.Rxh7 Rxg6 35.f4 Nd5 36.Ra7 Nxf4
37.Rxa6 Ne2+ 38.Kd2 Nxd4 39.Ke3 e5 40.a4 bxa4 41.bxa4 Rxg5 42.a5 Rg1 43.Ra7 Re1+
44.Kd2 Ra1 45.Ke3 Nb3 46.a6 Nxc5 47.Ra8+ Kd7 48.a7 Kc7 49.Re8 Rxa7 50.Rxe5 Kd6  0-1

[Event "Open"]
[Site "Predeal ROM"]
[Date "2006.08.16"]
[Round "7"]
[White "Slovineanu,V"]
[Black "Nevednichy,V"]
[Result "1/2-1/2"]
[WhiteElo "2423"]
[BlackElo "2576"]

1.e4 d5 2.exd5 Qxd5 3.Nc3 Qd6 4.d4 Nf6 5.g3 c6 6.Bg2 Bf5 7.Nf3 e6 8.O-O Nbd7
9.Qe2 Be7 10.Rd1 h6 11.h4 Bg4 12.a3 Nb6 13.Ne4 Qd5 14.Nxf6+ Bxf6 15.c3 Qh5
16.Bf4 O-O-O 17.Rd3 Nd7 18.Qe3 g5 19.Be5 Nxe5 20.Nxe5 Bxe5 21.Qxe5 Bf5 22.Bf3 Qg6
23.h5 Qg8 24.Re3 g4 25.Bg2 Qg5 26.Qa5 Kb8 27.b4 f6 28.a4  1/2-1/2

[Event "93rd ch-GBR"]
[Site "Swansea WLS"]
[Date "2006.08.16"]
[Round "10"]
[White "Pym,T"]
[Black "Hughes,Ro"]
[Result "1/2-1/2"]
[WhiteElo "2114"]
[BlackElo "2071"]

1.e4 d5 2.exd5 Qxd5 3.Nc3 Qd6 4.d4 Nf6 5.Bg5 a6 6.Qd2 b5 7.f3 Bb7 8.O-O-O Nbd7
9.Bf4 Qb6 10.h4 e6 11.h5 h6 12.g4 Bb4 13.Rh3 Nd5 14.Nge2 N7f6 15.a3 Bd6 16.Bg2 Nxf4
17.Nxf4 b4 18.axb4 Bxb4 19.Qe3 Bxc3 20.bxc3 Nd5  1/2-1/2

[Event "Acropolis Women's Open"]
[Site "Athens GRE"]
[Date "2006.08.17"]
[Round "5"]
[White "Sperdokli,E"]
[Black "Papadopoulou,V"]
[Result "0-1"]
[WhiteElo "2129"]
[BlackElo "2217"]

1.e4 d5 2.exd5 Qxd5 3.Nc3 Qd6 4.d4 Nf6 5.Bc4 c6 6.Nge2 Bf5 7.Bf4 Qd8 8.Ng3 Bg6
9.O-O e6 10.Be5 Nbd7 11.Qe2 Be7 12.Bb3 O-O 13.f4 Qa5 14.f5 exf5 15.Nxf5 Bb4
16.a3 Bxc3 17.Ne7+ Kh8 18.bxc3 Rfe8 19.Bxf6 Nxf6 20.Nxg6+ fxg6 21.Qd3 Re7
22.Rf3 Rae8 23.Raf1 Qxa3 24.Rh3 Re1 25.Rxe1 Rxe1+ 26.Kf2 Qc1 27.Rh4 Re8 28.g3 g5  0-1

[Event "81st ch-FRA w"]
[Site "Besancon BRA"]
[Date "2006.08.17"]
[Round "4"]
[White "Leconte,M"]
[Black "Verot,M"]
[Result "1/2-1/2"]
[WhiteElo "2304"]
[BlackElo "2111"]

1.e4 d5 2.exd5 Qxd5 3.Nc3 Qd6 4.d4 Nf6 5.Nf3 c6 6.Ne5 Nbd7 7.Nc4 Qc7 8.Qf3 Nb6
9.Ne5 Be6 10.Be2 Nbd5 11.O-O g6 12.Na4 Bf5 13.Qb3 Bg7 14.Nc5 Nd7 15.Ncxd7 Bxd7
16.c4 Nf6 17.Bf4 Qb6 18.Qe3 O-O 19.b3 Be6 20.Rfd1 Rfe8 21.Rd2 Nd7 22.Rad1 a5
23.a4 Nxe5 24.Bxe5  1/2-1/2

[Event "Independence Cup A"]
[Site "Kyiv UKR"]
[Date "2006.08.17"]
[Round "5"]
[White "Pavlov,S2"]
[Black "Sergeev,Vl"]
[Result "1-0"]
[WhiteElo "2415"]
[BlackElo "2489"]

1.e4 d5 2.exd5 Qxd5 3.Nc3 Qd6 4.d4 Nf6 5.Bd3 c6 6.Nge2 Bg4 7.f3 Bh5 8.Bf4 Qb4
9.Bc7 e6 10.a3 Qe7 11.Bg3 Qd8 12.Qd2 Be7 13.O-O-O Nbd7 14.Nf4 Bg6 15.Ne4 Nxe4
16.fxe4 Nf6 17.d5 exd5 18.exd5 Nxd5 19.Bxg6 hxg6 20.Nxd5 cxd5 21.Rhe1 O-O
22.Qxd5 Bg5+ 23.Kb1 Qxd5 24.Rxd5 Bf6 25.Rd7 b5 26.Rb7 a6 27.a4 bxa4 28.c4 Rfc8
29.Bc7 Kh7 30.c5 Rxc7 31.Rxc7 Rb8 32.Re2 a3 33.c6 axb2 34.Rxf7 Rb5 35.Rxf6 gxf6
36.c7  1-0

[Event "16th Open"]
[Site "Abu Dhabi UAE"]
[Date "2006.08.18"]
[Round "6"]
[White "Ramnath,B"]
[Black "Ali,Ab"]
[Result "1/2-1/2"]
[WhiteElo "2024"]
[BlackElo "2155"]

1.e4 d5 2.exd5 Qxd5 3.Nc3 Qd6 4.d4 Nf6 5.Nf3 a6 6.Be2 e6 7.O-O Nbd7 8.a4 b6
9.Bc4 Bb7 10.Re1 Be7 11.b3 c5 12.Ba3 O-O 13.Qe2 Bxf3 14.Qxf3 Qxd4 15.Rad1 Qh4
16.Qe2 Rfe8 17.Bxa6 Rxa6 18.Qxa6 Ng4 19.Qb7 Qxf2+ 20.Kh1 Qh4 21.Qc7 Nde5
22.h3 Nf2+ 23.Kg1 Nxd1 24.Rxd1 Bf6 25.Nb5 Qg3 26.Qxb6 Nf3+ 27.Kf1 Nh2+ 28.Kg1 Bg5
29.Bxc5 Nf3+ 30.Kf1 Nh2+ 31.Kg1 Nf3+  1/2-1/2

[Event "16th Open"]
[Site "Abu Dhabi UAE"]
[Date "2006.08.19"]
[Round "7"]
[White "Al Sulaiti,G"]
[Black "Khouri,I"]
[Result "1-0"]
[WhiteElo "2128"]
[BlackElo "2035"]

1.e4 d5 2.exd5 Qxd5 3.Nc3 Qd6 4.d4 Nf6 5.Nf3 a6 6.Bd3 Bg4 7.Be3 e6 8.Qe2 Nc6
9.O-O-O Nb4 10.Bc4 b5 11.Bb3 Be7 12.h3 Bxf3 13.Qxf3 c6 14.Bf4 Qd7 15.g4 O-O
16.g5 Nfd5 17.Nxd5 Nxd5 18.Rhg1 a5 19.c3 a4 20.Bc2 b4 21.Rg4 f5 22.gxf6 Nxf6
23.Qd3 b3 24.Bb1 a3 25.Rdg1 axb2+ 26.Kd2 Rf7 27.axb3 Ra1 28.R4g2 Bf8 29.Be5 g6
30.Kc2 Bg7 31.Kxb2 Qa7 32.Qc4 Qa3+ 33.Kc2 Nd5 34.Bxg7 Rxf2+ 35.Rxf2 Ne3+
36.Kd3 Nxc4 37.Bh6 Na5 38.Rgf1  1-0

[Event "Acropolis Women's Open"]
[Site "Athens GRE"]
[Date "2006.08.21"]
[Round "9"]
[White "Makka,I"]
[Black "Iordanidou,Z"]
[Result "1-0"]
[WhiteElo "2219"]
[BlackElo "1968"]

1.e4 d5 2.exd5 Qxd5 3.Nc3 Qd6 4.d4 Nf6 5.Nf3 c6 6.Ne5 Nbd7 7.Nc4 Qc7 8.Qf3 Nb6
9.Bf4 Qd8 10.Be5 Be6 11.Ne3 Nbd5 12.Ncxd5 Nxd5 13.c3 f6 14.Bg3 Bf7 15.Bd3 Nxe3
16.Qxe3 Qd7 17.O-O O-O-O 18.Rfd1 e6 19.d5 exd5 20.Qxa7 Bd6 21.Bxd6 Qxd6 22.a4 Bg6
23.Bf1 Qb8 24.Qb6 Qc7 25.Qb3 Bf7 26.Qa3 c5 27.a5 c4 28.a6 bxa6 29.Qxa6+ Qb7
30.Qa3 Rhe8 31.Qc5+ Kb8 32.Ra4 Rd7 33.Rb4 Qxb4 34.Qxb4+ Rb7 35.Qd6+ Kc8 36.Ra1  1-0

[Event "Lichtenberger Sommer"]
[Site "Berlin GER"]
[Date "2006.08.21"]
[Round "3"]
[White "Cusnariov,N"]
[Black "Muse,D"]
[Result "1/2-1/2"]
[WhiteElo "2147"]
[BlackElo "2407"]

1.e4 d5 2.exd5 Qxd5 3.Nc3 Qd6 4.Nf3 Nf6 5.d3 a6 6.Be2 b5 7.O-O Bb7 8.Bg5 e6
9.a3 Nbd7 10.Re1 h6 11.Bh4 Be7 12.Bf1 O-O 13.Ne4 Nxe4 14.Bxe7 Qxe7 15.dxe4 Rfd8
16.Qd4 c5 17.Qc3 Nf6 18.Qe5 c4 19.a4 Rac8 20.axb5 Nd7 21.Qc3 axb5 22.Ra7 Nc5
23.Qb4 Qe8 24.Ra5 Bxe4 25.Rxb5 Na6 26.Qa5 Bxf3 27.gxf3 Nb8 28.Rc5 Rxc5 29.Qxc5 Rc8
30.Qd4 Qa4 31.Qc3 Nd7 32.b3 Qa8 33.Bxc4 Nb6 34.Re4 Nd5 35.Qd4 Nf6 36.Re3 Rd8
37.Qc3 Rd1+ 38.Kg2 Nh5 39.Qe5 g5 40.Re1 Nf4+ 41.Kg3 Rxe1 42.Qxe1 Qb8 43.Qe4 Qd6
44.Qa8+ Kh7 45.Qa1 h5 46.h3 Kg6 47.Kh2 Qd2 48.Qg1 h4 49.Bd3+ Nxd3 50.cxd3 Qxd3
51.f4 f6 52.fxg5 fxg5 53.Qe1 Qxb3 54.Qe4+ Kf6 55.Qh7 Qd5 56.Qg8 Kf5 57.Qf8+ Ke5
58.Qg7+  1/2-1/2

[Event "XXVI Open A"]
[Site "Bratto ITA"]
[Date "2006.08.23"]
[Round "5"]
[White "Grooten,H"]
[Black "Sautto,D"]
[Result "1-0"]
[WhiteElo "2362"]
[BlackElo "2152"]

1.e4 d5 2.exd5 Qxd5 3.Nc3 Qd6 4.d4 c6 5.Bc4 Bf5 6.Nf3 e6 7.Qe2 Nf6 8.Bg5 Nd5
9.Bxd5 cxd5 10.Nb5 Qb6 11.Bf4 Na6 12.c3 Be7 13.a4 O-O 14.Ne5 Qd8 15.g4 Be4
16.f3 Bh4+ 17.Kf1 f6 18.Nc4 e5 19.fxe4 Nc7 20.Nxc7 Qxc7 21.Ne3 exf4 22.Nxd5 Qd6
23.Qf3 Rae8 24.Kg2 g5 25.Rhd1 Re6 26.c4 Rfe8 27.c5 Qd7 28.b4 Kg7 29.Nc3 h5
30.Rd3 Rh8 31.gxh5 Qf7 32.Nb5 Rxh5 33.Nd6 Qg6 34.Nf5+ Kh8 35.d5 Re8 36.d6 Qh7
37.d7 Rd8 38.Rh1 Bg3 39.Qxh5 Qxh5 40.hxg3  1-0

[Event "3rd Dato Arthur Tan"]
[Site "Kuala Lumpur MAS"]
[Date "2006.08.25"]
[Round "8"]
[White "Humphrey,J"]
[Black "Aplin,C"]
[Result "1-0"]
[WhiteElo "2246"]
[BlackElo "2020"]

1.e4 d5 2.exd5 Qxd5 3.Nc3 Qd6 4.d4 Nf6 5.Nf3 a6 6.g3 Bg4 7.Bg2 Nc6 8.O-O O-O-O
9.d5 Nb4 10.h3 Bh5 11.Bf4 Qc5 12.Be3 Qd6 13.Qe2 Nbxd5 14.Nxd5 Nxd5 15.Rad1 Qf6
16.c4 Nb4 17.Rxd8+ Kxd8 18.Rd1+ Kc8 19.Qd2 Qd6 20.Qe1 Qf6 21.g4 Qxb2 22.Rb1 Nd3
23.Rxb2 Nxe1 24.Nxe1  1-0

[Event "VIII Open"]
[Site "Sants ESP"]
[Date "2006.08.25"]
[Round "1"]
[White "Lopez Martinez,J"]
[Black "Serra Vilaro,A"]
[Result "1-0"]
[WhiteElo "2480"]
[BlackElo "2026"]

1.e4 d5 2.exd5 Qxd5 3.Nc3 Qd6 4.d4 Nf6 5.Nf3 a6 6.g3 Bg4 7.Bg2 Qe6+ 8.Be3 c6
9.h3 Bf5 10.g4 Bg6 11.Ne5 Nbd7 12.f4 Nxe5 13.dxe5 h5 14.Qe2 hxg4 15.exf6 gxh3
16.O-O-O exf6 17.Bb6 Qxe2 18.Nxe2 Be7 19.Rxh3 Rxh3 20.Bxh3 Bh5 21.Bd7+ Kf8
22.Rh1 g6 23.Ng3 Bd6 24.Nxh5 gxh5 25.Be3 Ke7 26.Bf5 Rh8 27.Kd2  1-0

[Event "Lichtenberger Sommer"]
[Site "Berlin GER"]
[Date "2006.08.26"]
[Round "8"]
[White "Geller,J"]
[Black "Muse,D"]
[Result "1-0"]
[WhiteElo "2480"]
[BlackElo "2407"]

1.e4 d5 2.exd5 Qxd5 3.Nc3 Qd6 4.d4 Nf6 5.Nf3 c6 6.Ne5 Bf5 7.Bf4 Qb4 8.Nc4 Nd5
9.a3 Nxc3 10.axb4 Nxd1 11.Nb6 e5 12.Kxd1 exf4 13.Nxa8 a6 14.Nb6 Bxb4 15.c3 Be7
16.Kd2 Nd7 17.Nc4 Kd8 18.Bd3 Be6 19.Na5 Kc7 20.Bc4 Bf5 21.Bxf7 f3 22.gxf3 Bg5+
23.Ke2 Rf8 24.Rag1 Bh6 25.Ba2 b5 26.Nb3 c5 27.Bb1 Be6 28.Nd2 cxd4 29.cxd4 Nb6
30.Rc1+ Nc4 31.Rhd1 Kb8 32.Rc3 Nxd2 33.Rxd2 Bxd2 34.Kxd2 Rf4 35.Be4 Rh4 36.Rc6 Bd5
37.Rxa6 Bxe4 38.fxe4 Rxe4 39.Kd3 Rh4 40.Rb6+ Kc7 41.Rxb5 Rxh2 42.Rf5 g6 43.Rf6 h5
44.Kc4 Rg2 45.Kc5 Rg1 46.Rf7+ Kc8 47.d5 Rc1+ 48.Kd6 h4 49.Rh7 g5 50.Rh8+ Kb7
51.Rh5 Rc2 52.Rxg5 Rxf2 53.Rh5 Rh2 54.Ke7 h3 55.Kd7 Rh1 56.d6 h2 57.Rh6 Kb8
58.b3 Kb7 59.Rh4 Kb6 60.Rb4+ Ka7 61.Ra4+ Kb7 62.Ra2 Kb6 63.Re2 Rb1 64.Rxh2 Rxb3
65.Kd8  1-0

[Event "TCh-Serbia"]
[Site "Zlatibor SCG"]
[Date "2006.08.28"]
[Round "3"]
[White "Popovic,Pe"]
[Black "Milanovic,Da"]
[Result "1/2-1/2"]
[WhiteElo "2499"]
[BlackElo "2514"]

1.e4 d5 2.exd5 Qxd5 3.Nc3 Qd6 4.d4 Nf6 5.Nf3 a6 6.Be3 b5 7.Bd3 Bb7 8.Qe2 Nbd7
9.Bg5 e6 10.O-O Be7 11.Rfe1 O-O 12.Rad1  1/2-1/2

[Event "VIII Open"]
[Site "Sants ESP"]
[Date "2006.08.30"]
[Round "6"]
[White "Cicak,S"]
[Black "Gofshtein,Z"]
[Result "0-1"]
[WhiteElo "2532"]
[BlackElo "2521"]

1.e4 d5 2.exd5 Qxd5 3.Nc3 Qd6 4.Bc4 Nf6 5.Nge2 a6 6.O-O b5 7.Bb3 c5 8.d3 Bb7
9.a4 c4 10.dxc4 Qc6 11.f3 bxc4 12.Ba2 Nbd7 13.Ng3 e6 14.Qe2 Rc8 15.Kh1 Be7
16.Rd1 O-O 17.Rd4 Nb6 18.Nge4 Nxe4 19.Rxe4 Qd7 20.Rg4 f5 21.Rxc4 Nxc4 22.Bxc4 Rc6
23.Bf4 Bf6 24.Rd1 Qe7 25.Bb3 Kh8 26.Re1 Qc5 27.Nd1 e5 28.Bxe5 Bxe5 29.Qxe5 Qxe5
30.Rxe5 Rd6 31.Nf2 Rd2 32.Kg1 g6 33.Nd3 Rd8 34.h4 Bc6 35.Rc5 Rd6 36.Ra5 Bd7
37.Re5 Kg7 38.Re7+ Kf8 39.Rxh7 Be6 40.Bxe6 Rxe6 41.Nf4 Rc6 42.Kh2 Rdxc2 43.b3 Kg8
44.Rb7 Rc7 45.Rb8+ Rc8 46.Rb4 a5 47.Rd4 R2c6 48.Kg3 Rb8 49.Rd7 Ra6 50.Nd5 Rxb3
51.Kf4 Rb2 52.g4 fxg4 53.fxg4 Rf2+ 54.Kg5 Rf7 55.Rd8+ Kg7 56.Rc8 Re6  0-1

[Event "VIII Open"]
[Site "Sants ESP"]
[Date "2006.08.31"]
[Round "7"]
[White "Pitl,G"]
[Black "Gonzalez Garcia,M"]
[Result "1/2-1/2"]
[WhiteElo "2380"]
[BlackElo "2180"]

1.e4 d5 2.exd5 Qxd5 3.Nc3 Qd8 4.Bc4 Nf6 5.Nf3 Bf5 6.Ne5 Bg6 7.d4 e6 8.Bg5 Be7
9.Qf3 c6 10.Nxg6 hxg6 11.O-O-O Nbd7 12.h4 Nb6 13.Bb3 Nbd5 14.Ne2 b5 15.Kb1 Nd7
16.Nf4 Bxg5 17.hxg5 Rxh1 18.Rxh1 Nxf4 19.Rh8+ Nf8 20.Qxc6+ Ke7 21.Qb7+ Kd6
22.Qxb5 Kc7 23.Qe5+ Qd6 24.Qxg7 Qe7 25.Qe5+ Qd6  1/2-1/2

[Event "TCh-Serbia"]
[Site "Zlatibor SCG"]
[Date "2006.08.31"]
[Round "6"]
[White "Todorovic,GM"]
[Black "Markovic,Miros"]
[Result "1/2-1/2"]
[WhiteElo "2477"]
[BlackElo "2445"]

1.e4 d5 2.exd5 Qxd5 3.Nc3 Qd6 4.d4 Nf6 5.Nf3 a6 6.Bd3 Bg4 7.h3 Bh5 8.Ne4 Nxe4
9.Bxe4 Nc6 10.O-O e6 11.c3 Bg6 12.Bxc6+ Qxc6 13.Ne5 Qb6 14.a4 Be7 15.a5 Qb5
16.c4 Qb4 17.Bd2 Qxb2 18.Nxg6 hxg6 19.Be3 O-O 20.Qd3 Qb4 21.Rfb1 Qd6 22.Rxb7 Qc6
23.Rab1 Rfd8 24.Bf4 Rac8 25.Be5 Bd6 26.Bxd6 Qxd6 27.Rd1 Qc6 28.Qb3 Qe4 29.d5 g5
30.Kf1 Qf4 31.Kg1 Qe4 32.Kf1 Qe5 33.dxe6 Qxe6 34.Rxd8+ Rxd8 35.Rb8 Qe8 36.Rxd8 Qxd8
37.Ke2 Qe8+ 38.Qe3 Qa4 39.Qc5 c6 40.Kd3 Qd1+ 41.Kc3 Qa1+ 42.Kb3 Qb1+ 43.Kc3 Qe1+
44.Kb3  1/2-1/2

[Event "TCh-Serbia"]
[Site "Zlatibor SCG"]
[Date "2006.09.01"]
[Round "7"]
[White "Velimirovic,D"]
[Black "Sedlak,N"]
[Result "1-0"]
[WhiteElo "2452"]
[BlackElo "2519"]

1.e4 d5 2.exd5 Qxd5 3.Nc3 Qd6 4.d4 Nf6 5.Nf3 c6 6.Ne5 Nbd7 7.Bf4 Nd5 8.Nxd5 Qxd5
9.Qf3 Nxe5 10.Qxd5 cxd5 11.dxe5 Bd7 12.O-O-O e6 13.Be3 Be7 14.f4 a6 15.Kb1 Bb5
16.Bxb5+ axb5 17.Rd3 Ra4 18.Rb3 Re4 19.Re1 g5 20.fxg5 Rg8 21.h4 Bb4 22.Rh1 Kd7
23.Rf1 Rxh4 24.a3 Be7 25.Rxb5 d4 26.Rxb7+ Kc6 27.Bf2 Rf4 28.Rxe7 Rxg5 29.g3 Rf3
30.Rd1 Rxf2 31.Rxd4 Rxe5 32.b4 Re3 33.Kb2 Rxg3 34.Red7 Rf5 35.R4d6+ Kb5 36.Rb7+ Kc4
37.Rc7+ Kb5  1-0